00205nam a2200085Ia 4500008004100000245004000041245001600081260000900097650001300106171211s9999 xx 000 0 und d 2aA Guide To Modern U.s. Army Weapons cV.M. DeMola c2012 xMilitary